108 Portraits of Indian Design (Record no. 369917)
[ view plain ]
| 000 -LEADER | |
|---|---|
| fixed length control field | 00903nam a2200193 4500 |
| 005 - DATE AND TIME OF LATEST TRANSACTION | |
| control field | 20260129115531.0 |
| 008 - FIXED-LENGTH DATA ELEMENTS--GENERAL INFORMATION | |
| fixed length control field | 260120b |||||||| |||| 00| 0 eng d |
| 020 ## - INTERNATIONAL STANDARD BOOK NUMBER | |
| International Standard Book Number | 9788119314270 |
| 041 ## - LANGUAGE CODE | |
| Language code of text/sound track or separate title | English |
| 082 ## - DEWEY DECIMAL CLASSIFICATION NUMBER | |
| Classification number | 745.4 |
| Item number | PAN |
| 100 ## - MAIN ENTRY--PERSONAL NAME | |
| Author | Pande Alka |
| 245 ## - TITLE STATEMENT | |
| Title | 108 Portraits of Indian Design |
| 260 ## - PUBLICATION, DISTRIBUTION, ETC. | |
| Place of publication, distribution, etc. | New Delhi |
| Name of publisher, distributor, etc. | Arthshila Trust |
| Date of publication, distribution, etc. | 2023 |
| 300 ## - PHYSICAL DESCRIPTION | |
| Extent | 283 |
| 365 ## - TRADE PRICE | |
| Price amount | 803.33 |
| Currency code | Rs.00 |
| 520 ## - SUMMARY, ETC. | |
| Summary, etc. | • INTRODUCTION: THE FORMALIZING OF BEAUTY<br/>• DISCIPLINES OF DESIGN<br/>• GRAPHICS, LOGOS & EDITORIAL DESIGN<br/>• FURNITURE & INTERIOR DESIGN<br/>• FASHION & TEXTILE DESIGN<br/>• JEWELLERY DESIGN<br/>• INDUSTRIAL & AUTOMOBILE DESIGN<br/>• PRODUCT DESIGN<br/>• LEATHER & SHOE DESIGN<br/>• ART & DESIGN<br/>• INSPIRED BY INDIA<br/>• SIGNIFICANCE OF 108<br/>• AN AESTHETIC EXPERIENCE:<br/>• VISUAL BALANCE<br/>• SUGGESTED READINGS<br/>• IMAGE CREDITS<br/><br/><br/> |
| 650 ## - SUBJECT ADDED ENTRY--TOPICAL TERM | |
| Topical term or geographic name entry element | Design |
| 942 ## - ADDED ENTRY ELEMENTS (KOHA) | |
| Koha item type | Books |
| Withdrawn status | Lost status | Source of classification or shelving scheme | Damaged status | Not for loan | Home library | Current library | Date acquired | Vendor | Net Price | Bill number | Total Checkouts | Full call number | Barcode | Date last seen | Discount | Actual Price | Bill Date | Koha item type |
|---|---|---|---|---|---|---|---|---|---|---|---|---|---|---|---|---|---|---|
| Dewey Decimal Classification | School of Fashion Technology | School of Fashion Technology | 20/01/2026 | Design Book Studio | 803.33 | 287 | 745.4 PAN | SOFT-BK-4874 | 20/01/2026 | 33% | 1199.00 | 12/12/2025 | Books |